|
|
|
|
| LEADER |
00000cam a2200000 7i4500 |
| 001 |
0000084297 |
| 005 |
20220105104313.0 |
| 008 |
191111 |
| 020 |
|
|
|a 9789672083276
|
| 041 |
0 |
|
|a Malay
|
| 090 |
0 |
0 |
|a JP
|b MAL
|
| 100 |
0 |
|
|a Suhaimi Mamat ,
|d 1974-
|
| 245 |
0 |
0 |
|a Mereka tidak bergaduh lagi
|c Suhaimi Bin Mamat
|
| 260 |
|
|
|a Johor :
|b Perbadanan Perpustakaan Awam Johor ,
|c 2019
|
| 300 |
|
|
|a 30 p. :
|b col.,ill. ;
|c 26 cm.
|
| 500 |
|
|
|a Children age 4-6 years old (yellow)
|
| 541 |
0 |
0 |
|c Purchased on 2019
|f PPAJ
|
| 650 |
|
0 |
|a Children's stories, Malay
|
| 650 |
|
0 |
|a Malay fiction
|
| 710 |
1 |
|
|a Perbadanan Perpustakaan Awam Johor
|
| 999 |
|
|
|a 0001595933
|b Book
|c Children Collection
|e Cawangan Muar
|
| 999 |
|
|
|a 0001595934
|b Book
|c Children Collection
|e Cawangan Muar
|
| 999 |
|
|
|a 0001595935
|b Book
|c Children Collection
|e Cawangan Muar
|
| 999 |
|
|
|a 0001595936
|b Book
|c Children Collection
|e Cawangan Muar
|
| 999 |
|
|
|a 0001595937
|b Book
|c Children Collection
|e Cawangan Muar
|
| 999 |
|
|
|a 0001595938
|b Book
|c Children Collection
|e Cawangan Muar
|
| 999 |
|
|
|a 0001595939
|b Book
|c Children Collection
|e Cawangan Muar
|
| 999 |
|
|
|a 0001595940
|b Book
|c Children Collection
|e Cawangan Muar
|
| 999 |
|
|
|a 0001595941
|b Book
|c Children Collection
|e Cawangan Muar
|
| 999 |
|
|
|a 0001595942
|b Book
|c Children Collection
|e Cawangan Muar
|
| 999 |
|
|
|a 0001617418
|b Book
|c Children Collection
|e Cawangan Taman Universiti
|
| 999 |
|
|
|a 0001617419
|b Book
|c Children Collection
|e Cawangan Taman Universiti
|
| 999 |
|
|
|a 0001617420
|b Book
|c Children Collection
|e Cawangan Taman Universiti
|
| 999 |
|
|
|a 0001617421
|b Book
|c Children Collection
|e Cawangan Taman Universiti
|
| 999 |
|
|
|a 0001617422
|b Book
|c Children Collection
|e Cawangan Taman Universiti
|
| 999 |
|
|
|a 0001617423
|b Book
|c Children Collection
|e Cawangan Muar
|
| 999 |
|
|
|a 0001617424
|b Book
|c Children Collection
|e Cawangan Muar
|
| 999 |
|
|
|a 0001617425
|b Book
|c Children Collection
|e Cawangan Muar
|
| 999 |
|
|
|a 0001617426
|b Book
|c Children Collection
|e Cawangan Muar
|
| 999 |
|
|
|a 0001617427
|b Book
|c Children Collection
|e Cawangan Muar
|
| 999 |
|
|
|a 0001617428
|b Book
|c Children Collection
|e Cawangan Tangkak
|
| 999 |
|
|
|a 0001617431
|b Book
|c Children Collection
|e Cawangan Bukit Gambir
|
| 999 |
|
|
|a 0001617432
|b Book
|c Children Collection
|e Cawangan Bukit Gambir
|
| 999 |
|
|
|a 0001617433
|b Book
|c Children Collection
|e Cawangan Bukit Gambir
|
| 999 |
|
|
|a 0001617434
|b Book
|c Children Collection
|e Cawangan Bukit Gambir
|
| 999 |
|
|
|a 0001617435
|b Book
|c Children Collection
|e Cawangan Bukit Gambir
|
| 999 |
|
|
|a 0001617436
|b Book
|c Children Collection
|e Cawangan Segamat
|
| 999 |
|
|
|a 0001617437
|b Book
|c Children Collection
|e Cawangan Segamat
|
| 999 |
|
|
|a 0001617438
|b Book
|c Children Collection
|e Cawangan Mersing
|
| 999 |
|
|
|a 0001617439
|b Book
|c Children Collection
|e Cawangan Taman Sri Lambak
|
| 999 |
|
|
|a 0001617440
|b Book
|c Children Collection
|e Cawangan Taman Sri Lambak
|
| 999 |
|
|
|a 0001617441
|b Book
|c Children Collection
|e Cawangan Taman Sri Lambak
|
| 999 |
|
|
|a 0001617442
|b Book
|c Children Collection
|e Cawangan Taman Sri Lambak
|
| 999 |
|
|
|a 0001617443
|b Book
|c Children Collection
|e Cawangan Taman Sri Lambak
|
| 999 |
|
|
|a 0001617444
|b Book
|c Children Collection
|e Cawangan Segamat
|
| 999 |
|
|
|a 0001617445
|b Book
|c Children Collection
|e Cawangan Segamat
|
| 999 |
|
|
|a 0001617446
|b Book
|c Children Collection
|e Cawangan Bandar Tenggara
|
| 999 |
|
|
|a 0001617447
|b Book
|c Children Collection
|e Cawangan Bandar Tenggara
|
| 999 |
|
|
|a 0001617448
|b Book
|c Children Collection
|e Cawangan Segamat
|
| 999 |
|
|
|a 0001617449
|b Book
|c Children Collection
|e Cawangan Bandar Penawar
|
| 999 |
|
|
|a 0001617450
|b Book
|c Children Collection
|e Cawangan Bandar Penawar
|
| 999 |
|
|
|a 0001617451
|b Book
|c Children Collection
|e Cawangan Bandar Penawar
|
| 999 |
|
|
|a 0001617452
|b Book
|c Children Collection
|e Cawangan Bandar Penawar
|
| 999 |
|
|
|a 0001617453
|b Book
|c Children Collection
|e Cawangan Bandar Penawar
|
| 999 |
|
|
|a 0001617457
|b Book
|c Children Collection
|e Cawangan Mersing
|
| 999 |
|
|
|a 0001617458
|b Book
|c Children Collection
|e Cawangan Mersing
|
| 999 |
|
|
|a 0001617459
|b Book
|c Children Collection
|e Cawangan Mersing
|
| 999 |
|
|
|a 0001617460
|b Book
|c Children Collection
|e Cawangan Mersing
|
| 999 |
|
|
|a 0001617461
|b Book
|c Children Collection
|e Cawangan Batu Pahat
|
| 999 |
|
|
|a 0001617462
|b Book
|c Children Collection
|e Cawangan Batu Pahat
|
| 999 |
|
|
|a 0001617463
|b Book
|c Children Collection
|e Cawangan Batu Pahat
|
| 999 |
|
|
|a 0001617464
|b Book
|c Children Collection
|e Cawangan Batu Pahat
|
| 999 |
|
|
|a 0001617465
|b Book
|c Children Collection
|e Cawangan Batu Pahat
|
| 999 |
|
|
|a 0001617466
|b Book
|c Children Collection
|e Cawangan Tangkak
|
| 999 |
|
|
|a 0001617467
|b Book
|c Children Collection
|e Cawangan Tangkak
|
| 999 |
|
|
|a 0001617468
|b Book
|c Children Collection
|e Cawangan Tangkak
|
| 999 |
|
|
|a 0001617469
|b Book
|c Children Collection
|e Cawangan Tangkak
|
| 999 |
|
|
|a 0001617470
|b Book
|c Children Collection
|e Cawangan Tmn. Ungku Tun Aminah
|
| 999 |
|
|
|a 0001617471
|b Book
|c Children Collection
|e Cawangan Tmn. Ungku Tun Aminah
|
| 999 |
|
|
|a 0001617472
|b Book
|c Children Collection
|e Cawangan Tmn. Ungku Tun Aminah
|
| 999 |
|
|
|a 0001617473
|b Book
|c Children Collection
|e Cawangan Tmn. Ungku Tun Aminah
|
| 999 |
|
|
|a 0001617474
|b Book
|c Children Collection
|e Cawangan Tmn. Ungku Tun Aminah
|
| 999 |
|
|
|a 0001617475
|b Book
|c Children Collection
|e Cawangan Bandar Tenggara
|
| 999 |
|
|
|a 0001617476
|b Book
|c Children Collection
|e Cawangan Pontian
|
| 999 |
|
|
|a 0001617477
|b Book
|c Children Collection
|e Cawangan Pontian
|
| 999 |
|
|
|a 0001617478
|b Book
|c Children Collection
|e Cawangan Pontian
|
| 999 |
|
|
|a 0001617479
|b Book
|c Children Collection
|e Cawangan Pontian
|
| 999 |
|
|
|a 0001617480
|b Book
|c Children Collection
|e Cawangan Pontian
|
| 999 |
|
|
|a 0001617481
|b Book
|c Children Collection
|e Cawangan Kota Tinggi
|
| 999 |
|
|
|a 0001617482
|b Book
|c Children Collection
|e Cawangan Kota Tinggi
|
| 999 |
|
|
|a 0001617483
|b Book
|c Children Collection
|e Cawangan Kota Tinggi
|
| 999 |
|
|
|a 0001617484
|b Book
|c Children Collection
|e Cawangan Kota Tinggi
|
| 999 |
|
|
|a 0001617485
|b Book
|c Children Collection
|e Cawangan Kota Tinggi
|
| 999 |
|
|
|a 0001617486
|b Book
|c Children Collection
|e Cawangan Bandar Tenggara
|
| 999 |
|
|
|a 0001617487
|b Book
|c Children Collection
|e Cawangan Bandar Tenggara
|
| 999 |
|
|
|a 0001618590
|b Book
|c Children Collection
|e Cawangan Urban Transformation Centre
|
| 999 |
|
|
|a 0001618591
|b Book
|c Children Collection
|e Cawangan Urban Transformation Centre
|
| 999 |
|
|
|a 0001618592
|b Book
|c Children Collection
|e Cawangan Urban Transformation Centre
|
| 999 |
|
|
|a 0001618593
|b Book
|c Children Collection
|e Cawangan Urban Transformation Centre
|
| 999 |
|
|
|a 0001618594
|b Book
|c Children Collection
|e Cawangan Urban Transformation Centre
|
| 999 |
|
|
|a 0001618595
|b Book
|c Children Collection
|e Cawangan AEON Kulaijaya
|
| 999 |
|
|
|a 0001618596
|b Book
|c Children Collection
|e Cawangan AEON Kulaijaya
|
| 999 |
|
|
|a 0001618597
|b Book
|c Children Collection
|e Cawangan AEON Kulaijaya
|
| 999 |
|
|
|a 0001618598
|b Book
|c Children Collection
|e Cawangan AEON Kulaijaya
|
| 999 |
|
|
|a 0001618599
|b Book
|c Children Collection
|e Cawangan AEON Kulaijaya
|